<?xml version="1.0" encoding="UTF-8"?>
<record
    xmlns:xsi="http://www.w3.org/2001/XMLSchema-instance"
    xsi:schemaLocation="http://www.loc.gov/MARC21/slim http://www.loc.gov/standards/marcxml/schema/MARC21slim.xsd"
    xmlns="http://www.loc.gov/MARC21/slim">

  <leader>03480cam a22004694i 4500</leader>
  <controlfield tag="003">PE-LiUPU</controlfield>
  <controlfield tag="005">20250731165420.0</controlfield>
  <controlfield tag="008">151218s2013    pe a   grm    000 0 spa d</controlfield>
  <datafield tag="035" ind1=" " ind2=" ">
    <subfield code="a">(Sirsi) a155571</subfield>
  </datafield>
  <datafield tag="040" ind1=" " ind2=" ">
    <subfield code="a">PE-LiUPU</subfield>
    <subfield code="b">spa</subfield>
    <subfield code="c">PE-LiUPU</subfield>
    <subfield code="e">rda</subfield>
  </datafield>
  <datafield tag="082" ind1="0" ind2="4">
    <subfield code="a">658.8343286732</subfield>
    <subfield code="b">M71 T3</subfield>
  </datafield>
  <datafield tag="099" ind1=" " ind2=" ">
    <subfield code="a">TA 3</subfield>
    <subfield code="b">M71 2013</subfield>
  </datafield>
  <datafield tag="100" ind1="1" ind2=" ">
    <subfield code="a">Mogoll&#xF3;n Infante, No&#xE9; Antonio</subfield>
    <subfield code="e">autor</subfield>
  </datafield>
  <datafield tag="245" ind1="1" ind2=" ">
    <subfield code="a">Relaci&#xF3;n de liderazgo de los directores con la satisfacci&#xF3;n laboral de los docentes de la Asociaci&#xF3;n Educativa Adventista Peruana del Sur /</subfield>
    <subfield code="c">No&#xE9; Antonio Mogoll&#xF3;n Infante.</subfield>
  </datafield>
  <datafield tag="264" ind1=" " ind2="0">
    <subfield code="c">2013.</subfield>
  </datafield>
  <datafield tag="300" ind1=" " ind2=" ">
    <subfield code="a">103 hojas : </subfield>
    <subfield code="b">ilustraciones;</subfield>
    <subfield code="c">30 cm</subfield>
  </datafield>
  <datafield tag="336" ind1=" " ind2=" ">
    <subfield code="a">text</subfield>
    <subfield code="2">rdacontent</subfield>
  </datafield>
  <datafield tag="337" ind1=" " ind2=" ">
    <subfield code="a">unmediated</subfield>
    <subfield code="2">rdamedia</subfield>
  </datafield>
  <datafield tag="338" ind1=" " ind2=" ">
    <subfield code="a">volume</subfield>
    <subfield code="2">rdacarrier</subfield>
  </datafield>
  <datafield tag="502" ind1=" " ind2=" ">
    <subfield code="a">Tesis</subfield>
    <subfield code="b">(Mg.) -- </subfield>
    <subfield code="c">Universidad Peruana Uni&#xF3;n,</subfield>
    <subfield code="d">2013.</subfield>
  </datafield>
  <datafield tag="504" ind1=" " ind2=" ">
    <subfield code="a">Incluye referencias</subfield>
  </datafield>
  <datafield tag="520" ind1="3" ind2=" ">
    <subfield code="a">La presente investigaci&#xF3;n tiene como objetivo establecer el grado de relaci&#xF3;n de liderazgo de los directores con la satisfacci&#xF3;n laboral de los docentes de la AEAPS (Asociaci&#xF3;n Educativa Adventista Peruana del Sur). El tipo de investigaci&#xF3;n es de car&#xE1;cter descriptivo y correlacional, porque su prop&#xF3;sito ser&#xE1; determinar el grado de relaci&#xF3;n del liderazgo del director en la satisfacci&#xF3;n laboral de los docentes de la AEAPS. -El dise&#xF1;o es correlacional de corte transversal. La poblaci&#xF3;n de estudio fue de 116 docentes de los colegios de la Asociaci&#xF3;n Educativa Adventista Peruana del Sur. La muestra fue censal; es decir, se trabaj&#xF3; con toda la poblaci&#xF3;n. De acuerdo a los resultados se concluy&#xF3; que: El liderazgo transaccional tiene una relaci&#xF3;n positiva de 0.313 y significativa de 0.001 con la satisfacci&#xF3;n de los docentes de los colegios de la AESPS, de aqu&#xED; se deduce que el reconocimiento de las necesidades en los docentes y la capacidad de comprender los deseos es muy importante ya que repercute en los niveles de satisfacci&#xF3;n laboral. El liderazgo transformacional tiene una relaci&#xF3;n positiva de 0.203 y significativa de 0.029 con la satisfacci&#xF3;n laboral de los docentes de los colegios de la AEAPS; de aqu&#xED; se deduce que el nivel de satisfacci&#xF3;n laboral incrementa si los l&#xED;deres emprendan los cambios de la visi&#xF3;n, la estrategia y la cultura de la organizaci&#xF3;n y tambi&#xE9;n de propiciar innovaciones en los productos y las tecnolog&#xED;as. El liderazgo pasivo tiene una relaci&#xF3;n positiva de 0.264 y un nivel de significancia de 0.004 con la satisfacci&#xF3;n de los docentes de los colegios de la AEAPS. De aqu&#xED; se deduce que a mayor nivel de efectividad, a mayor esfuerzo extra y mejor recompensa por parte del l&#xED;der, el nivel de satisfacci&#xF3;n laboral de los docentes incrementa de manera positiva. Finalmente, se concluye que el liderazgo de los directores tiene una relaci&#xF3;n positiva con la satisfacci&#xF3;n laboral de los docentes de los colegios de la AEAPS.</subfield>
  </datafield>
  <datafield tag="526" ind1=" " ind2=" ">
    <subfield code="a">SEG44</subfield>
  </datafield>
  <datafield tag="526" ind1=" " ind2=" ">
    <subfield code="a">SEG26</subfield>
  </datafield>
  <datafield tag="526" ind1=" " ind2=" ">
    <subfield code="a">P151</subfield>
  </datafield>
  <datafield tag="526" ind1=" " ind2=" ">
    <subfield code="a">P150</subfield>
  </datafield>
  <datafield tag="526" ind1=" " ind2=" ">
    <subfield code="a">P149</subfield>
  </datafield>
  <datafield tag="526" ind1=" " ind2=" ">
    <subfield code="a">P146</subfield>
  </datafield>
  <datafield tag="526" ind1=" " ind2=" ">
    <subfield code="a">P145</subfield>
  </datafield>
  <datafield tag="526" ind1=" " ind2=" ">
    <subfield code="a">P126</subfield>
  </datafield>
  <datafield tag="526" ind1=" " ind2=" ">
    <subfield code="a">P125</subfield>
  </datafield>
  <datafield tag="526" ind1=" " ind2=" ">
    <subfield code="a">P92</subfield>
  </datafield>
  <datafield tag="526" ind1=" " ind2=" ">
    <subfield code="a">P75</subfield>
  </datafield>
  <datafield tag="526" ind1=" " ind2=" ">
    <subfield code="a">P74</subfield>
  </datafield>
  <datafield tag="526" ind1=" " ind2=" ">
    <subfield code="a">P27</subfield>
  </datafield>
  <datafield tag="526" ind1=" " ind2=" ">
    <subfield code="a">P15</subfield>
  </datafield>
  <datafield tag="650" ind1="0" ind2="4">
    <subfield code="a">Liderazgo</subfield>
    <subfield code="x">Satisfacci&#xF3;n en el trabajo</subfield>
    <subfield code="v">Tesis.</subfield>
  </datafield>
  <datafield tag="610" ind1="2" ind2=" ">
    <subfield code="a">Adventistas del S&#xE9;ptimo D&#xED;a</subfield>
    <subfield code="x">Liderazgo</subfield>
    <subfield code="v">Tesis.</subfield>
  </datafield>
  <datafield tag="596" ind1=" " ind2=" ">
    <subfield code="a">1</subfield>
  </datafield>
  <datafield tag="942" ind1=" " ind2=" ">
    <subfield code="2">ddc</subfield>
    <subfield code="c">TESIS</subfield>
  </datafield>
  <datafield tag="999" ind1=" " ind2=" ">
    <subfield code="a">TA 3 M71 2013</subfield>
    <subfield code="w">ALPHANUM</subfield>
    <subfield code="c">8247</subfield>
    <subfield code="i">T01352</subfield>
    <subfield code="l">CCODEBUL3</subfield>
    <subfield code="m">BUL</subfield>
    <subfield code="r">1</subfield>
    <subfield code="s">Y</subfield>
    <subfield code="t">TESIS</subfield>
    <subfield code="u">2015-12-18</subfield>
    <subfield code="x">POSGRADO</subfield>
    <subfield code="P">P47</subfield>
    <subfield code="o">.STAFF. Tesis</subfield>
    <subfield code="d">8247</subfield>
  </datafield>
  <datafield tag="980" ind1=" " ind2=" ">
    <subfield code="8">1</subfield>
    <subfield code="g">ALBERTO SANCHEZ Responsable de Automatizaci&#xF3;n</subfield>
  </datafield>
  <datafield tag="952" ind1=" " ind2=" ">
    <subfield code="r">2022-07-06 00:00:00</subfield>
    <subfield code="l">0</subfield>
    <subfield code="o">TA 3 M71 2013</subfield>
    <subfield code="p">T01352</subfield>
    <subfield code="t">e1</subfield>
    <subfield code="w">2015-12-18</subfield>
    <subfield code="x">PG</subfield>
    <subfield code="y">TESIS</subfield>
    <subfield code="z">Este &#xCD;tem NO se presta por ser Ejemplar #1.</subfield>
    <subfield code="1">0</subfield>
    <subfield code="2">ddc</subfield>
    <subfield code="7">1</subfield>
    <subfield code="8">TESIS</subfield>
    <subfield code="f">P47</subfield>
    <subfield code="a">BUL</subfield>
    <subfield code="b">BUL</subfield>
    <subfield code="c">TESIS</subfield>
    <subfield code="d">2015-12-18</subfield>
  </datafield>
</record>
